D-VARS. Operatívne riadenie výroby : Dialógové spracovanie úloh /

Enregistré dans:
Détails bibliographiques
Auteur principal: Tomek, J (xxx)
Autres auteurs: Repatý, Ľ (xxx)
Format: Livre
Langue:slovaque
Publié: Bratislava : Datasystém, 1988
Édition:1.vyd.
Sujets:
Tags: Ajouter un tag
Pas de tags, Soyez le premier à ajouter un tag!

MARC

LEADER 00000nam a22000003a 4500
001 stu35386
005 20150617225726.4
008 920416s1988----cs------------------slo-d
040 |a STU  |b slo 
041 0 |a slo 
044 |a cs 
080 |a 681.3.066 
100 1 |a Tomek, J  |4 xxx 
245 1 |a D-VARS. Operatívne riadenie výroby :  |b Dialógové spracovanie úloh /  |c Rie¨. J. Tomek, Ľ. Repatý 
250 |a 1.vyd. 
260 |a Bratislava :  |b Datasystém,  |c 1988 
300 |a 64 s 
650 7 |a Systémy operačné  |2 stusub 
700 1 |a Repatý, Ľ  |4 xxx 
996 |b 284M022818  |c M*7073-1  |l MMKN  |s A  |a 24  |w stu35386_0001